[Event "7th Sharjah Masters 2024"]
[Site "Sharjah UAE"]
[Date "2024.05.22"]
[Round "9.35"]
[White "Royal, Shreyas"]
[Black "Peralta, Fernando"]
[Result "1/2-1/2"]
[WhiteTitle "IM"]
[BlackTitle "GM"]
[WhiteElo "2464"]
[BlackElo "2575"]
[WhiteFideId "448869"]
[BlackFideId "105309"]
[EventDate "2024.05.14"]

1. c4 e6 2. Nc3 Bb4 3. e4 d6 4. Nf3 Nf6 5. d3 O-O 6. a3 Bxc3+ 7. bxc3 e5 8. g3
c6 9. Bg2 d5 10. exd5 cxd5 11. Nxe5 dxc4 12. Nxc4 Bg4 13. Qd2 Nbd7 14. d4 Re8+
15. Ne3 Ne4 16. Qb2 Ng5 17. O-O Bf3 18. Bxf3 Nxf3+ 19. Kg2 Ng5 20. c4 Nb6 21. f3
Qd7 22. Ra2 Nxc4 23. Nxc4 Qh3+ 24. Kg1 Nxf3+ 25. Kf2 Nxh2 26. Rd1 Ng4+ 27. Kf3
Qh5 28. Kg2 Qh2+ 29. Kf3 Qh5 30. Kg2 Qd5+ 31. Kh3 Re4 1/2-1/2

[Event "7th Sharjah Masters 2024"]
[Site "Sharjah UAE"]
[Date "2024.05.22"]
[Round "9.36"]
[White "Suleymenov, Alisher"]
[Black "Yilmazyerli, Mert"]
[Result "1-0"]
[WhiteTitle "GM"]
[BlackTitle "GM"]
[WhiteElo "2501"]
[BlackElo "2522"]
[WhiteFideId "13707833"]
[BlackFideId "6305962"]
[EventDate "2024.05.14"]

1. d4 d5 2. c4 dxc4 3. Nf3 Nf6 4. e3 e6 5. Bxc4 a6 6. O-O c5 7. Qe2 b5 8. Bd3
Nbd7 9. a4 Bb7 10. axb5 axb5 11. Rxa8 Qxa8 12. Bxb5 cxd4 13. Rd1 Bc5 14. Ne5
Bxg2 15. f3 Bh3 16. exd4 Bb6 17. Be3 Qd8 18. Bxd7+ Nxd7 19. Qb5 Bc7 20. Nc3 Bf5
21. Ne4 Bxe4 22. fxe4 Bd6 23. Qc6 Qc7 24. Qa8+ Qb8 25. Qa4 Qb7 26. Bf4 O-O 27.
Qxd7 Qxe4 28. Qxd6 Qxf4 29. Rf1 Qe3+ 30. Rf2 Qc1+ 31. Kg2 Qg5+ 32. Kf3 h5 33.
Qc7 f6 34. Nd3 e5 35. Qc4+ Kh8 36. dxe5 fxe5+ 37. Ke2 Rd8 38. Qe4 h4 39. Rf5 Qh6
40. Qg4 1-0

[Event "7th Sharjah Masters 2024"]
[Site "Sharjah UAE"]
[Date "2024.05.22"]
[Round "9.37"]
[White "Esipenko, Andrey"]
[Black "Erdos, Viktor"]
[Result "1-0"]
[WhiteTitle "GM"]
[BlackTitle "GM"]
[WhiteElo "2704"]
[BlackElo "2546"]
[WhiteFideId "24175439"]
[BlackFideId "719978"]
[EventDate "2024.05.14"]

1. e4 e5 2. Nf3 Nc6 3. Bb5 a6 4. Ba4 Nf6 5. O-O Bc5 6. c3 O-O 7. d4 Ba7 8. Bg5
h6 9. Bh4 d6 10. Bxc6 bxc6 11. Re1 g5 12. Bg3 g4 13. Nh4 Nh5 14. Na3 Qg5 15. Nc2
Re8 16. Qd3 Bd7 17. Rad1 a5 18. Ne3 Nxg3 19. hxg3 d5 20. dxe5 Rxe5 21. exd5 Rae8
22. dxc6 Bxc6 23. Kh2 Bxe3 24. Rxe3 Rxe3 25. fxe3 Rxe3 26. Qc4 Re6 27. b4 axb4
28. cxb4 h5 29. Qc2 Qe5 30. Rd8+ Kg7 31. a4 Be4 32. Qc1 Rc6 33. Qe1 Rc2 34. a5
Ra2 35. Qe3 Qe6 36. Qc3+ Kh6 37. Rh8+ Kg5 38. Qxc7 Bxg2 39. Qf4# 1-0

[Event "7th Sharjah Masters 2024"]
[Site "Sharjah UAE"]
[Date "2024.05.22"]
[Round "9.38"]
[White "Samant, Aditya S"]
[Black "Moroni, Luca Jr"]
[Result "1-0"]
[WhiteTitle "GM"]
[BlackTitle "GM"]
[WhiteElo "2501"]
[BlackElo "2581"]
[WhiteFideId "35080580"]
[BlackFideId "865834"]
[EventDate "2024.05.14"]

1. e4 c6 2. d4 d5 3. e5 Bf5 4. Nf3 e6 5. Be2 Nd7 6. O-O a5 7. a4 f6 8. Nbd2 Nh6
9. Nb3 Nf7 10. Re1 g5 11. h3 Bg7 12. exf6 Qxf6 13. Bd2 h5 14. Ne5 Nfxe5 15. dxe5
Qg6 16. Nd4 Be4 17. f3 Bxe5 18. Nxc6 bxc6 19. fxe4 g4 20. h4 Nf6 21. Bc3 Bxc3
22. bxc3 O-O 23. exd5 Nxd5 24. Qd4 Nf4 25. Bd3 Nxd3 26. cxd3 Rad8 27. Qc4 Rf6
28. Qxc6 Rxd3 29. Re5 Rd5 30. Rxd5 exd5 31. Qxd5+ Kh7 32. Qxa5 g3 33. Qe5 Rf5
34. Qd4 Rf7 35. a5 Qf5 36. a6 Rd7 37. Qxd7+ Qxd7 38. a7 1-0

[Event "7th Sharjah Masters 2024"]
[Site "Sharjah UAE"]
[Date "2024.05.22"]
[Round "9.40"]
[White "Vakhidov, Jakhongir"]
[Black "Seemann, Jakub"]
[Result "1-0"]
[WhiteTitle "GM"]
[BlackTitle "IM"]
[WhiteElo "2599"]
[BlackElo "2475"]
[WhiteFideId "14201801"]
[BlackFideId "21874697"]
[EventDate "2024.05.14"]

1. d4 Nf6 2. c4 e6 3. Nc3 Bb4 4. e3 O-O 5. Bd2 d5 6. a3 Be7 7. Nf3 b6 8. cxd5
exd5 9. g3 c5 10. Bg2 Ba6 11. Ne5 cxd4 12. exd4 Ne4 13. Nxe4 dxe4 14. Qc2 Nd7
15. Nc6 Qe8 16. Qxe4 Bd6 17. Be3 Nf6 18. Qxe8 Rfxe8 19. Nb4 Bb5 20. Bxa8 Rxa8
21. Na2 Nd5 22. Nc3 Nxc3 23. bxc3 Bc4 24. a4 f5 25. Kd2 Kf7 26. Rhe1 Rc8 27.
Reb1 Rd8 28. Kc2 Be7 29. h4 h6 30. Bf4 g5 31. hxg5 hxg5 32. Be5 Bd5 33. Kd2 Rc8
34. a5 Bd8 35. axb6 Bxb6 36. Bd6 Rd8 37. Bb4 Be4 38. Rb2 Rd5 39. Ke2 g4 40. Rba2
Bf3+ 41. Kd3 Be4+ 42. Ke3 Kg6 43. Ba5 Rb5 44. Bxb6 axb6 45. Kf4 Rb3 46. Rc1 Bd5
47. Re2 Bc4 48. Rd2 Kf6 49. d5 Rb5 50. Re1 1-0

[Event "7th Sharjah Masters 2024"]
[Site "Sharjah UAE"]
[Date "2024.05.22"]
[Round "9.41"]
[White "Kacharava, Nikolozi"]
[Black "Krzyzanowski, Marcin"]
[Result "1-0"]
[WhiteTitle "GM"]
[BlackTitle "GM"]
[WhiteElo "2527"]
[BlackElo "2526"]
[WhiteFideId "13611860"]
[BlackFideId "1132199"]
[EventDate "2024.05.14"]

1. e4 e5 2. Nf3 Nc6 3. Bc4 Nf6 4. d3 Bc5 5. c3 O-O 6. O-O d5 7. exd5 Nxd5 8. a4
Bf5 9. a5 a6 10. Re1 b5 11. axb6 Nxb6 12. Rxa6 Qd6 13. Rxa8 Rxa8 14. Nbd2 Nxc4
15. Nxc4 Qxd3 16. Qxd3 Bxd3 17. Nfxe5 Nxe5 18. Nxe5 Bb5 19. Nf3 f6 20. Be3 Bxe3
21. Rxe3 Ra1+ 22. Re1 Ra2 23. b3 c5 24. c4 Bc6 25. h3 Kf7 26. Re3 g5 27. Ne1 Rb2
28. Nd3 Rb1+ 29. Kh2 Bd7 30. Nxc5 Bf5 31. Nb7 Bc2 32. Nd6+ Kg6 33. c5 Bxb3 34.
c6 Rc1 35. Rxb3 Rxc6 36. Rd3 h5 37. g4 hxg4 38. hxg4 Rc2 39. Kg3 Rc1 40. Ne4
Rg1+ 41. Kf3 1-0